This is 18

Bibliographic Details
Other Authors: Bennett, Jessica (Editor), Stevenson, Sandra (Editor), Strzemien, Anya (Editor)
Format: Book
Published: New York : Abrams The Art of Books 2019
Subjects:

MARC

LEADER 00000cam a2200000 7i4500
001 0000280310
005 20210603095413.0
006 o ###e ###
007 t
008 210527n xxuo e eng
020 |a 9781419741234 
040 |a MBPJ   |b eng   |c MBPJ   |e rda 
090 0 0 |a 305.2352   |b RHI 
245 0 0 |a This is 18   |c EDITED BY Jessica Bennett WITH Sandra Stevenson, Sharon Attia, AND Anya Strzemien 
246 0 |a This is eighteen 
264 1 |a New York :   |b Abrams The Art of Books   |c 2019 
264 4 |c ©2019 
300 |a 213 pages :   |b photographs ;   |c 24 cm. 
336 |a still image  |2 rdacontent 
336 |a text  |2 rdacontent 
337 |a unmediated  |2 rdamedia 
338 |a volume  |2 rdacarrier 
650 0 |a Girls   |x Cross cultural studies 
650 0 |a Teenage girls   |x Cross cultural studies 
700 1 |a Bennett, Jessica ,   |e editor 
700 1 |a Stevenson, Sandra ,   |e editor 
700 1 |a Strzemien, Anya ,   |e editor 
999 |a 00390603   |b BUKU   |c PINJAMAN   |e PERPUSTAKAAN KOMUNITI PETALING JAYA